Surnames - Multiple Choice #6 - Statistics

General Stats
  • This quiz has been taken 19 times
  • The average score is 8 of 15
Answer Stats
Question Answer % Correct
Suzuki Japanese
92%
Ferrari Italian
85%
Spellmeyer German
77%
Kauanoeanuhea Hawaiian
77%
Castañeda Spanish
69%
Almeida Portuguese
62%
Hallquist Swedish
54%
Hoxha Albanian
46%
Lloris Catalan
46%
Gaucher French
38%
Vardanyan Armenian
31%
Buttigeig Maltese
31%
Çeçen Turkish
31%
Guchol Micronesian
15%
Rakočević Montenegrin
8%
No matching quizzes found
Score Distribution
Percent of People with Each Score
Percentile by Number Answered
Your Score History
You have not taken this quiz